College Quizbowl Stats
College Quizbowl Stats
Circuits
Seasons
Sets
Records
Detailed Stats
About
Loading...
2024 ACF Winter at Ohio State
Tossups
Bonuses
Players
Teams
Categories (Tossup)
Categories (Bonus)
Biyang
Michigan B
Categories
Category
Powers
Gets
Negs
BBs
Points
Earliest Buzz
Avg. Buzz
First Buzzes
Top 3 Buzzes
BPA
PVF
Literature - American
0
1
0
1
10
150
150.00
0
0
0.00
0.00
Science - Biology
0
1
0
0
10
74
74.00
0
1
0.00
0.00
Fine Arts - Visual
0
0
1
0
-5
0.00
0
0
0.00
0.00
Science - Chemistry
0
0
1
0
-5
0.00
0
0
0.00
0.00
Buzzes
Category
Answer
Value
Buzz Position
Science - Chemistry
reaction rate
-5
63
Science - Biology
gametes
10
74
Fine Arts - Visual
steel
-5
75
Literature - American
singing
10
150
Previous
1
Next